Normal view
MARC view
- Sivanandam, S.N , Sumathi, S , Deepa, S.N
Entry Personal Name
001 - CONTROL NUMBER
- control field: 69006
003 - CONTROL NUMBER IDENTIFIER
- control field: NUST
005 - DATE AND TIME OF LATEST TRANSACTION
- control field: 20210628204145.0
008 - FIXED-LENGTH DATA ELEMENTS
- fixed length control field: 210628|| aca||aabn | a|a d
040 ## - CATALOGING SOURCE
- Original cataloging agency: NUST
- Transcribing agency: NUST
100 ## - HEADING--PERSONAL NAME
- Personal name: Sivanandam, S.N , Sumathi, S , Deepa, S.N
670 ## - SOURCE DATA FOUND
- Source citation: Work cat.: (NUST): Sivanandam, S.N , Sumathi, S , Deepa, S.N, Introduction to neural networks using matlab 6.0, 2006
